Statistics for Country Logic Puzzle by Scambigol #5 - starting with vowels

Click here to take the quiz!

General Stats

  • This quiz has been taken 393 times
  • The average score is 30 of 35

Answer Stats

Hint Country % Correct
ArgentinaArgentina
97%
EcuadorEcuador
94%
United StatesUnited States
94%
OmanOman
94%
IndiaIndia
94%
AlgeriaAlgeria
93%
UruguayUruguay
92%
AustraliaAustralia
92%
EthiopiaEthiopia
91%
IndonesiaIndonesia
91%
AngolaAngola
90%
UgandaUganda
90%
El SalvadorEl Salvador
89%
ItalyItaly
89%
IcelandIceland
88%
East TimorEast Timor
87%
United Arab EmiratesUnited Arab Emirates
87%
IsraelIsrael
86%
EritreaEritrea
86%
EstoniaEstonia
86%
Equatorial GuineaEquatorial Guinea
86%
UzbekistanUzbekistan
86%
IrelandIreland
85%
EgyptEgypt
84%
United KingdomUnited Kingdom
84%
AndorraAndorra
83%
Antigua and BarbudaAntigua and Barbuda
83%
AfghanistanAfghanistan
82%
AlbaniaAlbania
82%
UkraineUkraine
81%
IraqIraq
80%
IranIran
80%
ArmeniaArmenia
79%
AustriaAustria
79%
AzerbaijanAzerbaijan
79%

Score Distribution

Percentile by Number Answered

Percent of People with Each Score

Your Score History

You have not taken this quiz